00669nam a2200217Ia 4500003000400000005001700004008004100021020001900062040000700081041000800088082001600096100002000112245005800132260004500190300000900235650002200244700002200266942001300288999001900301952013100320OSt20250918122057.0250729s2005 xx 000 0 und d a978-8171692316 cAL aeng a372.25 RAOA aRao V K9222715 aAcademic enviournmental advise counsil and activities aNew DelhibCommonwealth Publishersc2005 a304p aEducation9222716 aReddy R S9222717 2ddccBED c235579d235579 00104070aALbALd2025-07-29eSita Book Houseg160.00l0o372.25 RAOApBED00898r2025-07-29 16:54:07v160.00w2025-07-29yBK